[Event "Henin Beaumont rapid"]
[Site "Henin Beaumont"]
[Date "2019.03.23"]
[Round "6"]
[White "Renard, Stephane"]
[Black "Lemaire, Lenny"]
[Result "1-0"]
[WhiteElo "1950"]
[BlackElo "1540"]
[PlyCount "57"]
[EventDate "2019.03.23"]
[EventType "swiss (rapid)"]
[EventRounds "6"]
[EventCountry "FRA"]
[SourceTitle "EXT 2020"]
[Source "ChessBase"]
[SourceDate "2019.10.17"]
[SourceVersion "1"]
[SourceVersionDate "2019.10.17"]
[SourceQuality "1"]

1. f4 e6 2. Nf3 d5 3. e3 c5 4. b3 Nc6 5. Bb5 Qb6 6. Bxc6+ bxc6 7. 0-0 Ba6 8. d3 Nf6 9. Ne5 Bd6 10. c4 Bxe5 11. fxe5 Nd7 12. Qg4 0-0 13. Bb2 g6 14. Nd2 Qc7 15. Qg5 d4 16. exd4 cxd4 17. Bxd4 c5 18. Bc3 Bb7 19. Rae1 Qc6 20. Re3 h6 21. Qg4 h5 22. Qg5 h4 23. Ne4 f5 24. Qxg6+ Kh8 25. Qh6+ Kg8 26. Qg5+ Kh8 27. Qxh4+ Kg8 28. Qg5+ Kh8 29. Rh3# 1-0